Comercialización exterior de los productos agrícolas de Costa Rica

Guardado en:
Bibliografiske detaljer
Institution som forfatter: CEDAL. Fundación Friedrich Ebert
Format: Ukendt
Udgivet: San José: CEDAL
Fag:
Tags: Tilføj Tag
Ingen Tags, Vær først til at tagge denne postø!

MARC

LEADER 00000 a2200000 04500
001 14119
003
008 991231s d
040
020 |a 9977-956-03-0  
022 |a 9977-956-03-0  
090 |a 018004  
110 |a CEDAL. Fundación Friedrich Ebert  
245 |a Comercialización exterior de los productos agrícolas de Costa Rica  
260 |a San José:   |b CEDAL  
300 |a 143 p.  
650 |a COMERCIALIZACION  
999 |c 17436  |d 17436